000 00550nam a2200169 a 4500
001 000021836
005 20200930011453.0
008 100913s1984 dr 000 0 spa d
040 _aDO-SdBNP
_bspa
_cBNPHU
082 _axxx
_bG241e
100 1 _aGarrido Puello, E. O.
_984
245 1 0 _aEscudriñando en mi escritorio /
_cE. O. Garrido Puello.
260 _aSanto Domingo :
_bUniversidad Nacional Pedro Henríquez Ureña,
_c1984.
300 _a149 p. ;
_c22 cm.
500 _aIncluye datos biográficos del autor en la contraportada
049 _aBNPD
999 _c21334
_d21334